00706cam a22002171 450000100060000000300080000600500170001400800410003103500190007203500190009104000400011004100080015008200270015810000270018524501210021226000410033330000380037450400290041265000230044165000240046410459BD-RjUL20211208234946.0140123s1964 caua b 000 0 eng  a(BD-RjUL)10507 a(OCoLC)1332972 aDLCcMNoWdOCoLCdDLCdBD-RjULbeng aeng04a547.3533218bBUI 19641 aBudzikiewicz, Herbert.10aInterpretation of mass spectra of organic compounds /cHerbert Budzikiewicz, Carl Djerassi [and] Dudley H. Williams. aSan Francisco :bHolden-Day,cc1964. axiii, 271 p. :bdiagrs. ;c27 cm. aIncludes bibliographies. 0aMass spectrometry. 0aChemistry, Organic.